000 00554nam a22001937a 4500
005 20140310183627.0
008 131026b xxu||||| |||| 00| 0 eng d
020 _a8185185476
050 _aLB 15
_b.B444 2002
100 _aBellingham, John
245 _aDictionary of education /
_cJohn Bellingham
260 _a[S.l.] :
_bAcademic Publishers,
_c2002.
300 _a342 p. :
_c21 cm.
650 _aEducation
_xDictionaries.
650 _aEducation
_xDictionary.
650 _aÉducation
_xDictionnaires anglais.
942 _2lcc
_cBK
999 _c25540
_d25540